| 000 | 00529nam a2200157Ia 4500 | ||
|---|---|---|---|
| 005 | 20240826005112.0 | ||
| 008 | 240331s9999 xx 000 0 und d | ||
| 020 | _a0415169143 | ||
| 082 |
_bWID _a800 |
||
| 100 | _aWiddowson, P | ||
| 245 | 0 | _aLiterature | |
| 260 |
_aLondon _bRoutledge _c1999 |
||
| 300 | _ax, 229 p ., | ||
| 500 | _aThis Introductory volume provides an accessible overview of the history of ' as a cultural concept, and reflects on the contemporary nature, place and function of what ' the literary' | ||
| 942 | _cL | ||
| 999 |
_c3092 _d3092 |
||